Phrasal Verbs 1-40 EN --> FR - Statistiques

Statistiques générales
  • Ce quiz a été pris 59 fois
  • Le résultat moyen est 9 sur 40
Statistiques - réponses
Anglais Français % Correct
Give in Abandonner
88%
Carry on Continuer
56%
Go on Continuer
56%
Keep on Continuer
56%
Slow down Ralentir
50%
Give up Arrêter
44%
Look for Chercher
44%
Grow up Grandir
44%
Put on Mettre
38%
Speak up Parler plus fort
38%
Fill out Remplir
31%
Get back Revenir
25%
Get along with S'entendre avec
25%
Call off Annuler
19%
Shut down Fermer
19%
Run out of Manquer de
19%
Point out Montrer
19%
Pick up Ramasser
19%
Hold on Attends
13%
Bring up Mentionner
13%
Do over Recommencer
13%
Look after S'occuper de
13%
Come up with Trouver une idée
13%
Drop out Arrêter la séance
6%
Show up Arriver
6%
Look forward to Attendre avec plaisir
6%
Set up Configurer
6%
Find out Découvre
6%
Pass out Être faible
6%
Look into Examiner
6%
Hang out Passer du temps
6%
Cut down on Réduire sa consommation
6%
Put off Reporter
6%
Figure out Résoudre
6%
Get over S'en remettre
6%
Make up Se réconcilier
6%
Put up with Tolérer
6%
Come across Tomber par chance sur
6%
Run into Tomber sur
6%
Go over Vérifier
0%
Aucun quiz correspondant
Distribution des résultats
% des personnes avec chaque résultat
Percentile par nombre de réponses
Votre historique - résultats
Vous n’avez pas pris ce quiz